[Event "Chigorin Memorial"]
[Site "St Petersburg RUS"]
[Date "2013.10.05"]
[Round "1.82"]
[White "Mikhalchenko, Petr"]
[Black "Popov, Alexei"]
[Result "1/2-1/2"]
[WhiteElo "2344"]
[BlackElo "1858"]
[WhiteFideId "4177657"]
[BlackFideId "24195898"]
[EventDate "2013.10.05"]

1. c4 e5 2. g3 Nf6 3. Bg2 c6 4. d4 Bb4+ 5. Bd2 Qa5 6. dxe5 Bxd2+ 7. Qxd2 Qxe5 8.
Nc3 O-O 9. Nf3 Qe7 10. Nd4 d6 11. O-O Na6 12. Rfe1 Nc5 13. e4 g6 14. h3 Nfd7 15.
f4 Ne6 16. Nf5 gxf5 17. exf5 Nb6 18. b3 d5 19. cxd5 Qc5+ 20. Kh2 Qd4 21. Rad1
Qxd2 22. Rxd2 Nc7 23. dxc6 bxc6 24. Bxc6 Bxf5 25. g4 Be6 26. f5 Rac8 27. Ne4 Bd5
28. Nf6+ Kg7 29. Nxd5 Ncxd5 30. Bxd5 Rfd8 31. Red1 Nxd5 32. Rxd5 Rc2+ 33. Kg3
Rxd5 34. Rxd5 Rxa2 35. Kh4 Ra3 36. Rb5 a5 37. Rb6 f6 38. g5 fxg5+ 39. Kxg5 h6+
40. Kh5 a4 41. bxa4 Rxa4 42. Rg6+ Kf7 43. Rxh6 Ra1 44. Rh7+ Kf6 45. Rh8 Kxf5 46.
Rf8+ Ke6 47. h4 Rh1 48. Kg5 Ke7 49. Rf4 Rg1+ 50. Kh6 Rg2 51. Rf5 Rg4 52. h5 Rg1
53. Kh7 Rg2 54. Rb5 Kf7 55. Rb7+ Kf8 56. h6 Rg1 57. Rg7 Rh1 58. Rg5 Kf7 59. Rf5+
Ke6 60. Rf4 Rg1 61. Kh8 Rg2 62. Rb4 Kf7 63. Rb7+ Kf8 64. Kh7 Rg1 65. Ra7 Rg2 66.
Ra6 Kf7 67. Ra7+ Kf8 68. Rg7 Rh2 69. Rg6 Kf7 70. Rg4 Rf2 71. Rb4 Rg2 72. Rf4+
Ke7 73. Kh8 Rg1 74. Ra4 Kf7 75. Ra6 Rg2 76. Ra8 Rg1 77. Ra7+ Kf8 78. Kh7 Rg2 79.
Rg7 Rh2 80. Rg3 Rf2 81. Rg5 Kf7 82. Rg6 Rf1 83. Rc6 Rg1 84. Rc8 Rg2 85. Rc7+ Kf8
86. Rc5 Kf7 87. Rf5+ Ke7 88. Rf4 Rg1 89. Rf5 Ke8 90. Rf6 Ke7 91. Rg6 Rf1 92. Kg7
Rf7+ 93. Kh8 Rf1 94. Kg8 Rf8+ 95. Kh7 Rf1 96. Ra6 Rg1 97. Rg6 Rf1 98. Rg3 Kf7
99. Rg7+ Kf8 100. Kh8 Rf6 101. Kh7 Rf1 102. Rb7 Rg1 103. Rb4 Kf7 104. Rf4+ Ke7
105. Kh8 Rg2 106. Re4+ Kf7 107. Rf4+ Ke7 108. Ra4 Kf7 109. h7 Rf2 110. Ra7+ Kf8
111. Ra6 Kf7 112. Ra8 Rf1 113. Rg8 Rf2 114. Rg7+ Kf8 115. Rg5 Kf7 116. Rf5+ Rxf5 1/2-1/2

[Event "Chigorin Memorial"]
[Site "St Petersburg RUS"]
[Date "2013.10.05"]
[Round "1.83"]
[White "Jourde, Michel"]
[Black "Mikhailov, Viacheslav"]
[Result "0-1"]
[BlackTitle "FM"]
[WhiteElo "1849"]
[BlackElo "2343"]
[WhiteFideId "644994"]
[BlackFideId "4187369"]
[EventDate "2013.10.05"]

1. e4 c5 2. d4 cxd4 3. c3 d3 4. Bxd3 g6 5. Nf3 Bg7 6. Bf4 Nc6 7. Qe2 d6 8. h3
Nf6 9. O-O O-O 10. Rd1 Nd7 11. Bc2 Qb6 12. Bb3 Na5 13. Ba4 Nc5 14. Be3 Qc7 15.
Bc2 Ne6 16. Na3 a6 17. Rac1 b5 18. Bb1 Bb7 19. Nd4 Nxd4 20. cxd4 Qd7 21. d5 Rac8
22. b4 Nc4 23. Nxc4 bxc4 24. Rxc4 Rxc4 25. Qxc4 Rc8 26. Qe2 Qa4 27. Bd3 Bc3 28.
Rb1 Bf6 29. Bh6 Bd4 30. Be3 Bxe3 31. Qxe3 Qxa2 32. Rc1 Qa3 33. Rxc8+ Bxc8 34.
Qd4 Bd7 35. Kh2 h5 36. h4 Kh7 37. Be2 Qa2 38. Bf3 Qa4 39. Qd2 Qa1 40. Qf4 Kg7
41. Qd2 Qf6 42. Kg3 Qe5+ 43. Qf4 Qc3 44. Qe3 Qxb4 45. Bxh5 Qb2 46. Bd1 Qa1 47.
Qb3 Qe5+ 48. Kf3 a5 49. Ke3 a4 50. Qa3 f5 51. f3 f4+ 52. Kd3 Bb5+ 53. Kc2 Qd4
54. Qc3 Qxc3+ 55. Kxc3 a3 56. Bb3 Kh6 57. Kb4 Bf1 58. Kxa3 Bxg2 59. Bd1 Kh5 0-1

[Event "Chigorin Memorial"]
[Site "St Petersburg RUS"]
[Date "2013.10.05"]
[Round "1.84"]
[White "Rozhko, Dmitry"]
[Black "Gudkina, Zhanna"]
[Result "1/2-1/2"]
[WhiteTitle "FM"]
[WhiteElo "2339"]
[BlackElo "1846"]
[WhiteFideId "4150430"]
[BlackFideId "24102318"]
[EventDate "2013.10.05"]

1. d4 Nf6 2. Nf3 g6 3. Bg5 Bg7 4. Nbd2 O-O 5. c3 d6 6. e4 c5 7. dxc5 dxc5 8. Bc4
Nc6 9. Qe2 Qc7 10. O-O a6 11. a4 b6 12. e5 Ng4 13. Bd5 Bb7 14. Qe4 Ngxe5 15.
Nxe5 Bxe5 16. Nf3 Bg7 17. Bf4 Qc8 18. Qe3 e6 19. Ba2 Ne7 20. a5 Nf5 21. Qe2 b5
22. Ne5 Bd5 23. g4 Ne7 24. c4 bxc4 25. Nxc4 Qc6 26. Ne5 Qb7 27. Bxd5 exd5 28.
Rac1 Nc6 29. Nxc6 Qxc6 30. Rfd1 Rae8 31. Qf3 Re4 32. Be3 c4 33. Rc2 Qe6 34. h3
Re8 35. Rcd2 Rd8 36. Bd4 Bh6 37. Rc2 Rf4 38. Qe2 Re4 39. Qf3 Rb8 40. Bb6 Re8 41.
Kg2 Qd7 42. b3 Qb5 43. bxc4 1/2-1/2

[Event "Chigorin Memorial"]
[Site "St Petersburg RUS"]
[Date "2013.10.05"]
[Round "1.85"]
[White "Krasnikov, Mikhail"]
[Black "Kostin, Konstantin"]
[Result "0-1"]
[BlackTitle "FM"]
[WhiteElo "1846"]
[BlackElo "2337"]
[WhiteFideId "24113140"]
[BlackFideId "4155882"]
[EventDate "2013.10.05"]

1. d4 Nf6 2. c4 e6 3. Nf3 b6 4. a3 Bb7 5. Nc3 d5 6. cxd5 Nxd5 7. Qc2 Be7 8. e4
Nxc3 9. bxc3 O-O 10. Bd3 c5 11. O-O Qc7 12. c4 cxd4 13. Nxd4 Rd8 14. Bb2 Nd7 15.
Nb5 Qc6 16. f4 Nc5 17. Nd4 Qc7 18. e5 Nxd3 19. Qxd3 Rxd4 20. Bxd4 Rd8 21. f5
Rxd4 22. Qh3 Rd2 23. fxe6 Rxg2+ 24. Qxg2 Bc5+ 25. Kh1 Bxg2+ 26. Kxg2 Qc6+ 27.
Kg3 Qxe6 28. Rfe1 h5 29. h3 Qg6+ 30. Kh2 Bf2 31. Rg1 Bxg1+ 32. Rxg1 Qc2+ 0-1

[Event "Chigorin Memorial"]
[Site "St Petersburg RUS"]
[Date "2013.10.05"]
[Round "1.86"]
[White "Biriukov, Oleg V."]
[Black "Khatenever, Feliks"]
[Result "1-0"]
[WhiteTitle "IM"]
[WhiteElo "2328"]
[BlackElo "1837"]
[WhiteFideId "4123174"]
[BlackFideId "4131800"]
[EventDate "2013.10.05"]

1. d4 Nf6 2. c4 g6 3. Nc3 d5 4. cxd5 Nxd5 5. e4 Nxc3 6. bxc3 c5 7. Nf3 Bg7 8.
Rb1 O-O 9. Be2 Qc7 10. O-O Nc6 11. Be3 Rd8 12. d5 b6 13. Nd2 Na5 14. Qc2 f5 15.
Nc4 Nxc4 16. Bxc4 Kh8 17. f3 Qe5 18. Bd2 Bd7 19. a4 Rab8 20. f4 Qxe4 21. Qa2 b5
22. axb5 Bxb5 23. Rxb5 Rxb5 24. Bxb5 Qxd5 25. Qxd5 Rxd5 26. Rd1 Bf6 27. Kf1 Rd6
28. Ke2 h6 29. Ra1 Rb6 30. Bc4 Rb7 31. Ra5 Rc7 32. Kd3 e5 33. Bd5 Kg7 34. Kc4 e4
35. Rxc5 Re7 36. Be3 g5 37. g3 gxf4 38. gxf4 1-0

[Event "Chigorin Memorial"]
[Site "St Petersburg RUS"]
[Date "2013.10.05"]
[Round "1.87"]
[White "Orel, Danil"]
[Black "Bublei, Pavel"]
[Result "0-1"]
[BlackTitle "FM"]
[WhiteElo "1831"]
[BlackElo "2328"]
[WhiteFideId "24164895"]
[BlackFideId "24112593"]
[EventDate "2013.10.05"]

1. e4 c6 2. d4 d5 3. Nd2 dxe4 4. Nxe4 Bf5 5. Ng3 Bg6 6. Nh3 e6 7. Nf4 Bd6 8. h4
Qc7 9. Nxg6 hxg6 10. Ne4 Nf6 11. Nxf6+ gxf6 12. Qf3 Nd7 13. Be3 O-O-O 14. O-O-O
f5 15. g3 e5 16. d5 c5 17. Bb5 f4 18. Bxd7+ Qxd7 19. gxf4 exf4 20. Bd2 Rh5 21.
Bc3 Qf5 22. Qe2 f3 23. Qd3 Bf4+ 24. Kb1 Qxd3 25. cxd3 Rdxd5 26. Rh3 g5 27. Rxf3
Rxh4 28. d4 Kd7 29. Kc2 Kc6 30. dxc5 Rxd1 31. Kxd1 Kxc5 32. Ke2 Rh6 33. Kd3 Rd6+
34. Kc2 Kd5 35. Rd3+ Ke4 36. f3+ Kf5 37. Rxd6 Bxd6 38. Kd3 Kf4 39. Ke2 Kg3 40.
Be1+ Kg2 41. Bf2 a6 42. Bd4 f5 43. Be3 g4 44. fxg4 fxg4 45. a4 g3 46. b3 Kh1 47.
Kf3 g2 48. Kg4 Bh2 49. Kh3 Bg1 50. Bf4 Bd4 51. Bh2 Be5 52. Bxe5 g1=Q 53. Bg3 Qc5 0-1

[Event "Chigorin Memorial"]
[Site "St Petersburg RUS"]
[Date "2013.10.05"]
[Round "1.88"]
[White "Duzhakov, Ilya"]
[Black "Skafar, Darya"]
[Result "1-0"]
[WhiteTitle "FM"]
[WhiteElo "2326"]
[BlackElo "1828"]
[WhiteFideId "4192516"]
[BlackFideId "24167169"]
[EventDate "2013.10.05"]

1. c4 Nf6 2. Nc3 d5 3. cxd5 Nxd5 4. g3 g6 5. Bg2 c6 6. Nf3 Bg7 7. O-O O-O 8. d4
Na6 9. e4 Nxc3 10. bxc3 c5 11. Be3 Qa5 12. Qb3 Rd8 13. Rac1 cxd4 14. cxd4 Qb4
15. Qxb4 Nxb4 16. a3 Nc6 17. d5 Ne5 18. Nxe5 Bxe5 19. f4 Bb2 20. Rc2 Bxa3 21.
Ra1 Bb4 22. Rc4 Bd6 23. e5 Bb8 24. Rac1 Bf5 25. d6 Rd7 26. Rc8+ Kg7 27. dxe7
Rxe7 28. Rd8 a5 29. Bc5 Rd7 30. Rxd7 Bxd7 31. Bxb7 Ra7 32. Bxa7 Bxa7+ 33. Kg2
Be3 34. Rc3 Bb6 35. Rb3 Bc5 36. Rd3 Be6 37. Bd5 Bf5 38. Rc3 Bb4 39. Rc7 Bd3 40.
Rxf7+ Kh6 41. e6 a4 42. e7 Bb5 43. g4 g5 44. Be4 gxf4 45. h4 f3+ 46. Kxf3 1-0

[Event "Chigorin Memorial"]
[Site "St Petersburg RUS"]
[Date "2013.10.05"]
[Round "1.89"]
[White "Assaubayeva, Bibissara"]
[Black "Bazeev, German"]
[Result "1/2-1/2"]
[WhiteTitle "WFM"]
[WhiteElo "1820"]
[BlackElo "2322"]
[WhiteFideId "13708694"]
[BlackFideId "24119350"]
[EventDate "2013.10.05"]

1. e4 c5 2. Nf3 Nf6 3. e5 Nd5 4. d4 cxd4 5. c3 Nc6 6. cxd4 d6 7. Bc4 e6 8. O-O
Be7 9. Nbd2 O-O 10. Re1 dxe5 11. dxe5 Qc7 12. Nf1 Ncb4 13. Bb3 Rd8 14. Qe2 b6
15. Bc4 Bb7 16. Be3 Nxe3 17. Nxe3 Rac8 18. b3 Nc6 19. Qb2 Na5 20. Rac1 Nxc4 21.
Nxc4 Qd7 22. Qe2 Qd3 23. Qxd3 Rxd3 24. Red1 Rd5 25. Ne3 Rxd1+ 26. Rxd1 Kf8 27.
Nd4 Rd8 28. Ndc2 Rxd1+ 29. Nxd1 Bg5 30. g3 Be4 31. Nce3 Bxe3 32. Nxe3 Bb1 33. a3
Ba2 34. b4 Ke8 35. Kf1 Kd7 36. Ke2 Kc6 37. Kd3 Bb1+ 38. Kc4 a6 39. a4 Ba2+ 40.
Kc3 h5 41. h4 g6 42. f4 a5 43. bxa5 bxa5 44. Kd4 Bb3 45. Nc4 Bxc4 46. Kxc4 1/2-1/2

[Event "Chigorin Memorial"]
[Site "St Petersburg RUS"]
[Date "2013.10.05"]
[Round "1.90"]
[White "Kigel, Dmytro"]
[Black "Mikhaylov, Dimitri"]
[Result "1-0"]
[WhiteTitle "FM"]
[WhiteElo "2320"]
[BlackElo "1819"]
[WhiteFideId "14117932"]
[BlackFideId "13901273"]
[EventDate "2013.10.05"]

1. Nf3 Nf6 2. g3 b5 3. Na3 a6 4. c4 b4 5. Nc2 c5 6. Bg2 Bb7 7. O-O e6 8. a3 a5
9. d4 Qb6 10. dxc5 Bxc5 11. axb4 axb4 12. Rxa8 Bxa8 13. Be3 O-O 14. Bxc5 Qxc5
15. Qd4 Rc8 16. Qxc5 Rxc5 17. Nd2 Bxg2 18. Kxg2 d5 19. Nxb4 dxc4 20. Rc1 Nd5 21.
Nd3 Rc8 22. Rxc4 Rxc4 23. Nxc4 Na6 24. Kf3 Ndc7 25. Ke3 Kf8 26. Na3 Ke7 27. Kd4
f5 28. b4 Nd5 29. b5 Nac7 30. Kc5 Kd7 31. b6 Na6+ 32. Kb5 Nab4 33. b7 1-0

[Event "Chigorin Memorial"]
[Site "St Petersburg RUS"]
[Date "2013.10.05"]
[Round "1.92"]
[White "Donskov, Anatoly"]
[Black "Shilnikov, Igor S."]
[Result "1-0"]
[WhiteTitle "FM"]
[WhiteElo "2317"]
[BlackElo "1818"]
[WhiteFideId "24143413"]
[BlackFideId "4155653"]
[EventDate "2013.10.05"]

1. e4 e5 2. Nf3 Nc6 3. Nc3 Bc5 4. Nxe5 Nxe5 5. d4 Bd6 6. dxe5 Bxe5 7. Bc4 Nf6 8.
O-O O-O 9. Bg5 c6 10. Kh1 Qc7 11. Qd3 b5 12. Bb3 a5 13. f4 Bxc3 14. bxc3 a4 15.
e5 Ng4 16. Be7 axb3 17. Bxf8 b2 18. Rab1 Kxf8 19. Qxh7 Qb6 20. Qh8+ Ke7 21. Qh4+
Kf8 22. Qxg4 Rxa2 23. Qh4 Qa5 24. Qh8+ Ke7 25. Qxc8 Qa7 26. f5 Ra1 27. f6+ Ke6
28. Qf8 Kxe5 29. Qe7+ Kd5 30. Rf5+ Kc4 31. Qb4# 1-0

[Event "Chigorin Memorial"]
[Site "St Petersburg RUS"]
[Date "2013.10.05"]
[Round "1.93"]
[White "Malova, Anna"]
[Black "Gorozhanin, Mikhail"]
[Result "1/2-1/2"]
[BlackTitle "FM"]
[WhiteElo "1817"]
[BlackElo "2315"]
[WhiteFideId "24164933"]
[BlackFideId "4178262"]
[EventDate "2013.10.05"]

1. e4 c5 2. Nf3 g6 3. d4 cxd4 4. Nxd4 Bg7 5. c4 Nc6 6. Be3 Nf6 7. Nc3 Ng4 8.
Qxg4 Nxd4 9. Qd1 Ne6 10. Qd2 d6 11. g3 Qa5 12. Rc1 Bxc3 13. Qxc3 Qxc3+ 14. Rxc3
Bd7 15. f3 Bc6 16. Kf2 O-O 17. h4 a5 18. b3 Nc5 19. e5 Nd7 20. exd6 exd6 21. Bh3
Ne5 22. Bh6 Rfe8 23. Rd1 f5 24. Bf4 Re6 25. Re3 Rae8 26. Rd2 a4 27. Bf1 axb3 28.
axb3 Nf7 29. Red3 Re1 30. Bxd6 Nxd6 31. Rxd6 Bxf3 32. Rd8 Bc6 33. b4 Re7 34. b5
Be4 35. Rxe8+ Rxe8 36. Rd7 Ra8 37. c5 Ra3 38. Bc4+ Kh8 39. Bd5 Bxd5 40. Rxd5 Rc3
41. b6 Kg7 42. Rd7+ Kf6 43. Rxb7 Rxc5 44. Rxh7 Rb5 45. b7 Rb3 46. Ke2 Ke5 47.
Re7+ Kd6 48. Rg7 Ke5 49. Rxg6 Rxb7 50. h5 Rb2+ 51. Kf3 Rh2 52. h6 Rh1 53. Kg2
Rh5 54. Ra6 Ke4 55. Rb6 Ke5 56. Kf3 Rh2 57. Ra6 Rh1 58. Ke3 Re1+ 59. Kf2 Rh1 60.
Kg2 Rh5 61. Ra5+ Kf6 62. g4 Rxh6 63. Rxf5+ Kg6 64. Kg3 Rh1 1/2-1/2

[Event "Chigorin Memorial"]
[Site "St Petersburg RUS"]
[Date "2013.10.05"]
[Round "1.95"]
[White "Mushak, Alexander"]
[Black "Molchanova, Tatjana"]
[Result "0-1"]
[BlackTitle "WGM"]
[WhiteElo "1801"]
[BlackElo "2311"]
[WhiteFideId "24134082"]
[BlackFideId "4132203"]
[EventDate "2013.10.05"]

1. e4 e5 2. Nf3 Nc6 3. Bb5 g6 4. d4 exd4 5. Nxd4 Bg7 6. Nxc6 bxc6 7. Bd3 Ne7 8.
O-O d5 9. Nd2 O-O 10. Nf3 h6 11. h3 f5 12. exf5 Bxf5 13. Rb1 c5 14. b3 Qd6 15.
Bb2 d4 16. Bxf5 Rxf5 17. Nd2 Raf8 18. Nc4 Qf6 19. Qe2 Nd5 20. Rbe1 Nf4 21. Qe7
Nxh3+ 22. Kh2 Qxe7 23. Rxe7 Nxf2 24. Rfe1 Bf6 25. Re8 Rh5+ 26. Kg3 Bh4+ 27. Kh2
Ng4+ 28. Kg1 Bf2+ 0-1

[Event "Chigorin Memorial"]
[Site "St Petersburg RUS"]
[Date "2013.10.05"]
[Round "1.96"]
[White "Leontiev, Aleksandr V."]
[Black "Hyoetylae, Tapio"]
[Result "1-0"]
[WhiteTitle "IM"]
[WhiteElo "2310"]
[BlackElo "1796"]
[WhiteFideId "4122968"]
[BlackFideId "501026"]
[EventDate "2013.10.05"]

1. e4 d6 2. d4 g6 3. Bd3 Bg7 4. Ne2 c6 5. O-O Nf6 6. f3 O-O 7. Be3 e5 8. c3 Nbd7
9. Nd2 Qc7 10. Ng3 Re8 11. f4 Nb6 12. dxe5 dxe5 13. f5 Rd8 14. Qe2 Ng4 15. Bc5
Nf6 16. a4 Qd7 17. Rf3 Qe8 18. a5 Nbd7 19. Bd6 Nb8 20. Nc4 1-0

[Event "Chigorin Memorial"]
[Site "St Petersburg RUS"]
[Date "2013.10.05"]
[Round "1.97"]
[White "Rybakova, Polina"]
[Black "Rozanov, Pavel B."]
[Result "0-1"]
[BlackTitle "FM"]
[WhiteElo "1794"]
[BlackElo "2309"]
[WhiteFideId "24178829"]
[BlackFideId "4129270"]
[EventDate "2013.10.05"]

1. e4 e6 2. d4 d5 3. Nd2 c5 4. exd5 Qxd5 5. Ngf3 cxd4 6. Bc4 Qd6 7. O-O Nf6 8.
Nb3 Nc6 9. Nbxd4 Nxd4 10. Nxd4 a6 11. Re1 Bd7 12. c3 Qc7 13. Bb3 O-O-O 14. Qe2
Bd6 15. h3 h6 16. Nf3 g5 17. Ne5 Be8 18. Bd2 Bxe5 19. Bxg5 Bh2+ 20. Kh1 hxg5 0-1

[Event "Chigorin Memorial"]
[Site "St Petersburg RUS"]
[Date "2013.10.05"]
[Round "1.98"]
[White "Zhurikhin, Alexander"]
[Black "Sokolov, Ilia"]
[Result "1-0"]
[WhiteTitle "FM"]
[WhiteElo "2308"]
[BlackElo "1792"]
[WhiteFideId "4139569"]
[BlackFideId "34107468"]
[EventDate "2013.10.05"]

1. e4 e6 2. d4 d5 3. Nc3 Bb4 4. a3 Bxc3+ 5. bxc3 dxe4 6. Qg4 Nf6 7. Qxg7 Rg8 8.
Qh6 c5 9. Ne2 Nc6 10. dxc5 Rg6 11. Qe3 e5 12. Ng3 Qa5 13. Bd2 Ng4 14. Qxe4 Qxc5
15. Qe2 Be6 16. Ne4 Qe7 17. h3 Nf6 18. Bg5 Rxg5 19. Nxg5 Qc5 20. Qe3 Qxe3+ 21.
fxe3 Bf5 22. Bc4 Bxc2 23. O-O Ke7 24. Rf2 Bg6 25. Raf1 Ne4 26. Rxf7+ Kd6 27.
Nxe4+ Bxe4 28. Rxb7 Kc5 29. Be2 Rg8 30. Rb5+ Kd6 31. Bf3 a6 32. Bxe4 axb5 33.
Rf6+ 1-0

[Event "Chigorin Memorial"]
[Site "St Petersburg RUS"]
[Date "2013.10.05"]
[Round "1.99"]
[White "Kvitko, Nikita"]
[Black "Kostin, Alexey"]
[Result "0-1"]
[BlackTitle "IM"]
[WhiteElo "1788"]
[BlackElo "2306"]
[WhiteFideId "13708341"]
[BlackFideId "4120736"]
[EventDate "2013.10.05"]

1. b3 e5 2. Bb2 d6 3. e3 Nf6 4. Be2 g6 5. Nf3 Bg7 6. O-O O-O 7. c4 Nbd7 8. Nc3
Re8 9. d4 e4 10. Nd2 Nf8 11. Re1 h5 12. Qc2 Bf5 13. Nd5 N8h7 14. Nxf6+ Qxf6 15.
Nf1 h4 16. h3 Ng5 17. Kh2 Bxh3 18. gxh3 Qxf2+ 19. Kh1 Nf3 0-1

[Event "Chigorin Memorial"]
[Site "St Petersburg RUS"]
[Date "2013.10.05"]
[Round "1.100"]
[White "Khakimov, Timur"]
[Black "Stroganov, Anatoly"]
[Result "1-0"]
[WhiteTitle "IM"]
[WhiteElo "2305"]
[BlackElo "1781"]
[WhiteFideId "4169115"]
[BlackFideId "4178955"]
[EventDate "2013.10.05"]

1. e4 c5 2. Nf3 d6 3. d4 cxd4 4. Nxd4 Nf6 5. Nc3 g6 6. Be2 Nc6 7. Nb3 a6 8. O-O
b5 9. Be3 Bb7 10. Nd5 Nxd5 11. exd5 Ne5 12. f4 Nd7 13. Bd4 f6 14. Bf3 Bg7 15.
Qe1 O-O 16. Na5 f5 17. Bxg7 Kxg7 18. Nxb7 Qb6+ 19. Kh1 Qxb7 20. Qxe7+ Rf7 21.
Qxd6 Rc8 22. c3 Nf6 23. Rae1 Rd7 24. Qe5 Rcd8 25. h3 h5 26. Qd4 Rd6 27. Re5 R8d7
28. Rfe1 Kf7 29. Re6 Ng8 30. Qh8 Re7 31. Rxe7+ Nxe7 32. Re6 Rd7 33. Rf6# 1-0

[Event "Chigorin Memorial"]
[Site "St Petersburg RUS"]
[Date "2013.10.05"]
[Round "1.101"]
[White "Tarakanova, Valeria"]
[Black "Sichinava, Zviad"]
[Result "0-1"]
[WhiteElo "1775"]
[BlackElo "2305"]
[WhiteFideId "24179205"]
[BlackFideId "24111716"]
[EventDate "2013.10.05"]

1. e4 g6 2. d4 Bg7 3. f4 d6 4. Nc3 Nf6 5. Nf3 O-O 6. Bc4 c5 7. O-O cxd4 8. Nxd4
Qb6 9. e5 dxe5 10. fxe5 Ng4 11. Ne2 Nxe5 12. Bb3 Nbc6 13. Kh1 Ng4 14. Nxc6 bxc6
15. Qe1 Ba6 16. h3 Ne3 17. Rf3 Nf5 18. c3 e5 19. Ng3 Nxg3+ 20. Rxg3 e4 21. Be3
Qc7 22. Bc5 Rfe8 23. Re3 Qf4 24. Rd1 Be5 25. g3 Qf5 26. Rxe4 Qxh3+ 27. Kg1 Qf5
28. Bd6 Bxd6 29. Rxe8+ Rxe8 30. Qxe8+ Kg7 31. Qxf7+ Qxf7 32. Bxf7 Bc5+ 33. Kg2
Kxf7 34. Rd7+ Kg8 35. Rc7 Bb6 36. Rd7 Bc4 37. b3 Bd5+ 38. Kf1 Be4 39. Ke2 h5 40.
a3 Bf5 41. Rb7 Bg4+ 42. Kf1 g5 43. c4 h4 44. gxh4 gxh4 45. Kg2 Bd4 46. Re7 Bf5
47. b4 Kf8 48. Re1 Kf7 49. b5 cxb5 50. cxb5 Kf6 51. a4 h3+ 52. Kh1 Bb6 53. Rc1
Kg5 54. Rc4 Be6 55. Rc1 Kg4 56. Rd1 Bf5 57. Re1 Kg3 58. Re8 Bc7 59. Rg8+ Kf4 60.
Rf8 Bd6 61. Rg8 Be5 62. a5 Ke3 63. b6 Be4+ 0-1

[Event "Chigorin Memorial"]
[Site "St Petersburg RUS"]
[Date "2013.10.05"]
[Round "1.103"]
[White "Petrochenko, Maria"]
[Black "Ageichenko, Genadi A"]
[Result "0-1"]
[BlackTitle "IM"]
[WhiteElo "1759"]
[BlackElo "2296"]
[WhiteFideId "24161420"]
[BlackFideId "4105222"]
[EventDate "2013.10.05"]

1. d4 Nf6 2. c4 e6 3. Nf3 Bb4+ 4. Bd2 Qe7 5. a3 Bxd2+ 6. Nbxd2 d6 7. e4 e5 8.
Bd3 O-O 9. O-O c5 10. d5 a5 11. Rb1 Na6 12. Nb3 b6 13. Qc2 Nh5 14. Nc1 g6 15.
Ne2 f5 16. Nd2 Bd7 17. f4 fxe4 18. Nxe4 Nxf4 19. Nxf4 Rxf4 20. Rxf4 exf4 21. Rf1
Rf8 22. Qb3 Qd8 23. Nxd6 f3 24. Ne4 Bg4 25. h3 Bc8 26. Qc2 Nb8 27. Rxf3 Rxf3 28.
gxf3 Bxh3 29. Qh2 Bf5 30. Qe5 Nd7 31. Qg3 Qe7 32. Qf2 Ne5 33. Qe2 Qh4 34. Bc2
Qf4 35. Bd1 Kg7 36. b3 g5 37. Qd2 Qxd2 38. Nxd2 Kg6 39. Kg2 h5 40. Be2 Bc2 41.
Kg3 Kf5 42. Bf1 Nf7 43. Bh3+ Ke5 44. Be6 Nd6 45. Bh3 Kd4 46. Kf2 Bd3 47. Bg2 a4
48. bxa4 Bxc4 49. Nxc4 Nxc4 50. Ke2 Ne3 51. Bh3 Nxd5 52. Bd7 Nf4+ 53. Kf2 c4 54.
Ke1 Ke3 55. Bc6 h4 0-1

[Event "Chigorin Memorial"]
[Site "St Petersburg RUS"]
[Date "2013.10.05"]
[Round "1.104"]
[White "Drozdova, Dina"]
[Black "Pitkanen, Juhani"]
[Result "1-0"]
[WhiteTitle "WIM"]
[WhiteElo "2291"]
[BlackElo "1744"]
[WhiteFideId "4170695"]
[BlackFideId "504432"]
[EventDate "2013.10.05"]

1. d4 Nf6 2. c4 g6 3. Nc3 Bg7 4. e4 d6 5. h3 O-O 6. Nf3 e5 7. d5 a5 8. Bg5 Qe8
9. g4 Na6 10. Nd2 Nc5 11. Qf3 Nfd7 12. Rg1 f6 13. Be3 Nb6 14. Nb5 Qd8 15. Nb3
Nxb3 16. axb3 Bd7 17. Nc3 Qe7 18. h4 Kh8 19. Bd3 Qf7 20. Kd2 Nc8 21. Rh1 Kg8 22.
Rag1 Ne7 23. c5 Rac8 24. Bc4 Rfe8 25. Rh3 Kh8 26. h5 Ng8 27. hxg6 Qxg6 28. Rgh1
Ne7 29. Rxh7+ Kg8 30. R7h4 Kf8 31. Kc2 Ng8 32. g5 f5 33. exf5 Qxf5+ 34. Qxf5+
Bxf5+ 35. Kd2 Ne7 36. cxd6 cxd6 37. Nb5 Red8 38. Bb6 Ng6 39. Bxd8 Nxh4 40. Bxa5
Nf3+ 41. Ke3 Nxg5 42. Nxd6 Ra8 43. Bb4 1-0

[Event "Chigorin Memorial"]
[Site "St Petersburg RUS"]
[Date "2013.10.05"]
[Round "1.105"]
[White "Stepanov, Andrey"]
[Black "Cheremnova, Tamara"]
[Result "0-1"]
[BlackTitle "WIM"]
[WhiteElo "1731"]
[BlackElo "2289"]
[WhiteFideId "24198730"]
[BlackFideId "4175026"]
[EventDate "2013.10.05"]

1. e4 c6 2. d4 d5 3. e5 Bf5 4. Nf3 e6 5. Bd3 Bxd3 6. Qxd3 Qb6 7. Nbd2 Qa6 8.
Qxa6 Nxa6 9. a3 c5 10. dxc5 Bxc5 11. b4 Bb6 12. c4 Ne7 13. c5 Bc7 14. Nb3 b6 15.
Be3 bxc5 16. Nxc5 Nxc5 17. Bxc5 Nc6 18. Bd6 Bxd6 19. exd6 Kd7 20. b5 Nd8 21. Rc1
Kxd6 22. O-O Re8 23. Nd4 Re7 24. Nc6 Rc7 25. Nxd8 Rxd8 26. Rxc7 Kxc7 27. Rc1+
Kb7 28. f3 Rc8 29. Rb1 Kb6 30. Kf2 Rc5 31. a4 Rc4 32. Ra1 Ka5 33. Ke3 Rxa4 34.
Rb1 Kb6 35. Rc1 Rc4 36. Ra1 Rc7 37. Rb1 Rc5 38. Ra1 Rxb5 39. Ra2 e5 40. Kd3 a5
41. Re2 f6 42. f4 d4 43. Ra2 Rb3+ 44. Ke4 Re3+ 45. Kd5 d3 46. Rb2+ Kc7 47. Rd2
e4 48. Kd4 Re2 49. Rd1 f5 0-1

[Event "Chigorin Memorial"]
[Site "St Petersburg RUS"]
[Date "2013.10.05"]
[Round "1.106"]
[White "Pustovoitova, Daria"]
[Black "Stoliarenko, Ivan"]
[Result "1-0"]
[WhiteTitle "FM"]
[WhiteElo "2286"]
[BlackElo "1724"]
[WhiteFideId "4182146"]
[BlackFideId "24199591"]
[EventDate "2013.10.05"]

1. d4 Nf6 2. c4 g6 3. g3 Bg7 4. Bg2 O-O 5. Nc3 c6 6. e4 e6 7. e5 Ne8 8. c5 f5 9.
Be3 b6 10. b4 bxc5 11. bxc5 Nc7 12. Qd2 a5 13. h4 h5 14. f3 Nd5 15. Nxd5 cxd5
16. g4 Nc6 17. gxh5 gxh5 18. Bf1 Nb4 19. a3 Nc6 20. Ne2 Kh7 21. Nf4 Qe8 22. Rg1
Ne7 23. Bb5 Rg8 24. Nxe6 Rb8 25. a4 Nc6 26. Nf4 Nxe5 27. dxe5 Qxe5 28. Ke2 Re8
29. Nxh5 Qh2+ 30. Kd3 Qxd2+ 31. Bxd2 Bxa1 32. Rxa1 Kg6 33. Nf4+ Kf7 34. Bxa5 Rh8
35. h5 Rh6 36. Bb6 d6 37. Bc7 Rxb5 38. axb5 dxc5 39. Nxd5 Rxh5 40. Kc4 Bb7 41.
Ra7 Bxd5+ 42. Kxd5 Rh3 43. Be5+ Ke8 44. b6 Rxf3 45. Ke6 Rd3 46. Ra8+ Rd8 47. b7
Rxa8 48. bxa8=Q# 1-0